02754nam a2200409 a 4500001001200000003000800012006001900020007001500039008004100054010001700095020003000112020002700142040002100169035002100190050002200211082001800233245015300251260005700404300001500461490003600476504005100512505121100563533015201774650001401926650002301940650002101963650002301984650002902007650003402036655002902070700001802099700002402117710001702141830004302158856012602201999001702327ebr10670981CaPaEBRm u cr cn|||||||||100419s2011 nyu sb 001 0 eng d z 2010015626 z9781616684174 (hardcover) z9781613248607 (e-book) aCaPaEBRcCaPaEBR a(OCoLC)84723574414aU162b.I56 2011eb04a355/.033522200aInternational security and warh[electronic resource] :bpolitics and grand strategy in the 21st century /cRalph Rotte, Christoph Schwarz, editors. aHauppauge, N.Y. :bNova Science Publisher's,cc2011. avi, 168 p.1 aDefense security and strategies aIncludes bibliographical references and index.0 aPolicy and grand strategy in the 21st century : the continuing relevance of war and politics / Ralph Rotte and Christoph Schwarz -- Approaching the study of strategy / Colin S. Gray -- The utility of strategy / Hew Strachan -- The evolution of strategic thought since the 19th century : the German Moltke-Schlieffen-Ludendorff-triad vs. British Liddell Hart / Albert A. Stahel -- The strange persistence of trinitarian warfare / Christopher Bassford -- The way ahead : strategic studies in the 21st century / David J. Lonsdale -- The re-politicization of war and violent conflict : the world powers are striking back / Andreas Herberg-Rothe -- The role of nuclear weapons in contemporary strategic thought / John Baylis -- Star wars revisited : the Bush-administration's plans on missile defense and its impact on strategic thinking / Alexander Bitter -- Debating the revolution in military affairs : options and implications for small and medium military organisations / Bernard F.W. Loo -- Technological change and operational success in modern war : a historical view on RMA / Ralph Rotte -- Terrorism and strategy / Christoph Schwarz -- Meeting the challenge of international terrorism / Johann Schmid. aElectronic reproduction.bPalo Alto, Calif. :cebrary,d2013.nAvailable via World Wide Web.nAccess may be limited to ebrary affiliated libraries. 0aStrategy. 0aMilitary doctrine. 0aMilitary policy. 0aNational security. 0aSecurity, International. 0aWorld politicsy21st century. 7aElectronic books.2local1 aRotte, Ralph.1 aSchwarz, Christoph.2 aebrary, Inc. 0aDefense, security and strategy series.40uhttp://site.ebrary.com/lib/rucke/Doc?id=10670981zAn electronic book accessible through the World Wide Web; click to view c62207d62207